Amrtabindu Upanisad (Record no. 366861)

MARC details
000 -LEADER
fixed length control field 00339nam a2200133Ia 4500
008 - FIXED-LENGTH DATA ELEMENTS--GENERAL INFORMATION
fixed length control field 250601s9999 xx 000 0 und d
020 ## - INTERNATIONAL STANDARD BOOK NUMBER
International Standard Book Number 9788175974852
041 ## - LANGUAGE CODE
Language code of text/sound track or separate title eng
100 ## - MAIN ENTRY--PERSONAL NAME
Personal name Tejomayananda
9 (RLIN) 185046
245 ## - TITLE STATEMENT
Title Amrtabindu Upanisad
250 ## - EDITION STATEMENT
Edition statement 1st Ed.
260 ## - PUBLICATION, DISTRIBUTION, ETC. (IMPRINT)
Name of publisher, distributor, etc. Central Chinmaya Misssion trust, Mumbai
Date of publication, distribution, etc. 2010
300 ## - PHYSICAL DESCRIPTION
Extent 79
Holdings
Withdrawn status Lost status Damaged status Not for loan Home library Current library Date acquired Cost, normal purchase price Total Checkouts Barcode Date last seen Bill Date Koha item type Original Barcode
        MKSSS s K.B. Joshi Institute of Information Technology Library MKSSS s K.B. Joshi Institute of Information Technology Library 01/06/2025 80.00   KBJP-D-405 01/06/2025 01/06/2025 Books D405
        MKSSS s K.B. Joshi Institute of Information Technology Library MKSSS s K.B. Joshi Institute of Information Technology Library 01/06/2025 80.00   KBJP-D-414 01/06/2025 01/06/2025 Books D414